| 000 | 01315cam a2200361 4500 | ||
|---|---|---|---|
| 008 | 000000n2002 000 0 eng u | ||
| 020 | _a0632057963 | ||
| 035 | _a(Sirsi) u109832 | ||
| 041 | _aeng. | ||
| 050 | _a630.026 | ||
| 100 | _aSydenham, Angela | ||
| 245 | _aEssential law for landowners and farmers | ||
| 250 | _a4th ed. | ||
| 260 |
_aOxford _bBlackwell Science _c2002 |
||
| 300 |
_ax,300p. _c24cm. |
||
| 350 | _a35 | ||
| 520 | _aA concise working guide for landowners, farmers and their advisers which explains the law on the ownership, occupation and use of agricultural land. This new edition reflects the considerable changes that have taken place in the law over the last eleven years - from the new access to open land to environmental issues and the introduction of the farm business tenancy. | ||
| 650 | _aPROPERTY-LANDLORD AND TENANT-TENANCIES-AGRICULTURAL TENANCIES | ||
| 650 | _aLAND LAW | ||
| 650 | _aFARM BUSINESS TENANCIES | ||
| 650 | _aPLANNING | ||
| 650 | _aPUBLIC ACCESS | ||
| 650 | _aCOMPULSORY PURCHASE AND COMPENSATION | ||
| 650 | _aWATERCOURSES | ||
| 650 | _aWAYLEAVES | ||
| 650 |
_aEnvironment _96238 |
||
| 650 | _aMILK QUOTAS | ||
| 650 | _aEMPLOYMENT | ||
| 690 |
_aRural _96268 |
||
| 700 | _aMonnington, Bruce | ||
| 700 | _aPym, Andrew | ||
| 942 | _n0 | ||
| 999 |
_c101002 _d101002 |
||